Šiesta novela zákona č. 67/2020 Z. z., ktorou sa zrušuje uplatnenie niektorých opatrení
Uvoľnenie niektorých opatrení vo finančnej oblasti, aj napriek pretrvávaniu obdobia pandémie ochorenia COVID‑19 spôsobeného novým koronavírusom, v rámci legislatívneho procesu zákonov č. 67/2020 a 264/2020 Z. z. o niektorých mimoriadnych opatreniach vo finančnej oblasti MF SR. Zrušenie uplatnenia op...
Gespeichert in:
| 1. Verfasser: | |
|---|---|
| Format: | Buchkapitel |
| Sprache: | Slowakisch |
| Schlagworte: | |
| Tags: |
Keine Tags, Fügen Sie das erste Tag hinzu!
|
MARC
| LEADER | 00000naa a2200000 4500 | ||
|---|---|---|---|
| 001 | 0271978 | ||
| 005 | 20210203154653.8 | ||
| 041 | 0 | |a slo | |
| 044 | |a SK | ||
| 245 | 1 | 0 | |a Šiesta novela zákona č. 67/2020 Z. z., ktorou sa zrušuje uplatnenie niektorých opatrení |c Božena Jurčíková |
| 520 | |a Uvoľnenie niektorých opatrení vo finančnej oblasti, aj napriek pretrvávaniu obdobia pandémie ochorenia COVID‑19 spôsobeného novým koronavírusom, v rámci legislatívneho procesu zákonov č. 67/2020 a 264/2020 Z. z. o niektorých mimoriadnych opatreniach vo finančnej oblasti MF SR. Zrušenie uplatnenia opatrení v oblasti správy daní s príkladmi (spôsob doručovania podania, zmeškanie lehoty, prerušenie daňovej kontroly a daňového konania, daňové nedoplatky a preplatky, odloženie daňovej exekúcie a správne delikty či sankcie) a opatrenia ostávajúce nezmenené. | ||
| 610 | 2 | 0 | |a dane |
| 610 | 2 | 0 | |a správa daňová |
| 610 | 2 | 0 | |a právo daňové |
| 610 | 2 | 0 | |a kontrola daňová |
| 610 | 2 | 0 | |a opatrenia |
| 610 | 2 | 0 | |a pandémia |
| 610 | 2 | 0 | |a koronavírus |
| 100 | 1 | |a Jurčíková, Božena | |